E-commerce v cestovnom ruchu bakalárska práca

Enregistré dans:
Détails bibliographiques
Auteur principal: Dovičinová, Ivana
Collectivité auteur: Obchodná fakulta EU. Katedra služieb a cestovného ruchu - zrušené
Autres auteurs: Bojová, Dominika
Format: Livre
Langue:slovaque
Publié: Bratislava 2011
Tags: Ajouter un tag
Pas de tags, Soyez le premier à ajouter un tag!

MARC

LEADER 00000nbm a2200000 4500
001 0132025
005 20161109111426.9
041 0 |a slo 
044 |a SK 
245 1 0 |a E-commerce v cestovnom ruchu  |b bakalárska práca  |c Ivana Dovičinová ; školiteľ: Dominika Bojová 
264 1 |a Bratislava  |c 2011 
300 |a 49 s. 
100 1 |a Dovičinová, Ivana 
700 1 |a Bojová, Dominika 
710 2 |a Obchodná fakulta EU. Katedra služieb a cestovného ruchu - zrušené